000 00479nam a22001697a 4500
005 20241221095551.0
008 24221b ||||| |||| 00| 0 eng d
040 _cAL
041 _aEnglish
082 _223
_a348.04
_bEASS
100 _a Eastern Book Company
_9191768
245 _aSupreme Court Cases: Supplement Vol 2
260 _aLucknow
_b Eastern Book Company
_c2016
650 _aLaw
_9191769
650 _aMode of Citation 1994 supp (2) SCC
_9191770
942 _2ddc
_cBI
999 _c233292
_d233292